Normal view
MARC view
- Mandavgane Aishwarya
Entry Personal Name
001 - CONTROL NUMBER
- control field: 183067
003 - CONTROL NUMBER IDENTIFIER
- control field: OSt
005 - DATE AND TIME OF LATEST TRANSACTION
- control field: 20230605085022.0
008 - FIXED-LENGTH DATA ELEMENTS
- fixed length control field: 230605|| aca||aabn | a|a d
040 ## - CATALOGING SOURCE
- Original cataloging agency: OSt
- Transcribing agency: OSt
100 ## - HEADING--PERSONAL NAME
- Personal name: Mandavgane Aishwarya
670 ## - SOURCE DATA FOUND
- Source citation: Work cat.: (OSt)161132: Mandavgane Aishwarya, "City Centre Hirabaug , Pune", 2017